Wrestlemania 41 matchcard - Statistics

General Stats
  • This quiz has been taken 25 times
    2 since last reset
  • The average score is 23 of 36
Answer Stats
Night 1 Answer % Correct
Womens World Title Bianca Belair
100%
Triple Threat CM Punk
100%
Undisputed Title Match Cody Rhodes
100%
IC Title Match Dominik Mysterio
100%
IC Title Match Finn Balor
100%
World Heavyweight Title Match Gunther
100%
Womens World Title Iyo Sky
100%
World Heavyweight Title Match Jey Uso
100%
Open Challenge Joe Hendry
100%
Undisputed Title Match John Cena
100%
US Title Match LA Knight
100%
Singles Match Logan Paul
100%
IC Title Match Penta
100%
Open Challenge Randy Orton
100%
Womens World Title Rhea Ripley
100%
Triple Threat Roman Reigns
100%
Triple Threat Seth Rollins
100%
Singles Match AJ Styles
50%
Womens Tag Team Title Match Becky Lynch
50%
WWE Womens Title Match Charlotte Flair
50%
Sin City Street Fight Damien Priest
50%
Sin City Street Fight Drew McIntyre
50%
US Title Match Jacob Fatu
50%
Tag Team Title Match Kofi Kingston
50%
Womens Tag Team Title Match Liv Morgan
50%
Womens Tag Team Title Match Lyra Valkyria
50%
Womens Tag Team Title Match Raquel Rodriguez
50%
WWE Womens Title Match Tiffany Stratton
50%
Tag Team Title Match Xavier Woods
50%
IC Title Match Bron Breakker
0%
Singles Match El Grande Americano
0%
Tag Team Title Match Erik
0%
Tag Team Title Match Ivar
0%
Singles Match Jade Cargill
0%
Singles Match Naomi
0%
Singles Match Rey Fenix
0%
No matching quizzes found
Score Distribution
Percent of People with Each Score
Percentile by Number Answered
Your Score History
You have not taken this quiz since the last reset